header

Precarious international multicultural education (Record no. 97242)

MARC details
000 -LEADER
fixed length control field 01677nam a2200361 a 4500
245 00 - TITLE STATEMENT
Title Precarious international multicultural education
260 ## - PUBLICATION, DISTRIBUTION, ETC. (IMPRINT)
Place of publication Rotterdam :
Name of publisher Sense Publishers,
Year of publication 2012.
300 ## - PHYSICAL DESCRIPTION
Number of Pages xii, 376 p. :
Other physical details col. ill., col. map.
490 1# - SERIES STATEMENT
Series statement Transgressions : cultural studies and education ;
505 0# - FORMATTED CONTENTS NOTE
Formatted contents note pt. I. Precarious multiculturalism -- pt. II. Difference and representation in multicultural education -- pt. III. Stretching multiculturalism : including alternatives.
650 #0 - SUBJECT ADDED ENTRY--TOPICAL TERM
Topical Term Multicultural education.
Topical Term International education.
700 1# - ADDED ENTRY--PERSONAL NAME
Personal name Wright, Handel Kashope.
Personal name Singh, Michael.
Personal name Race, Richard.
856 40 - ELECTRONIC LOCATION AND ACCESS
Uniform Resource Identifier http://site.ebrary.com/lib/rucke/Doc?id=10605497

No items available.

© 2026 Rongo University
Contact us: librarian | system librarian | Rongo university